| 000 | 00520atm a2200205 4500 | ||
|---|---|---|---|
| 005 | 20170209150914.0 | ||
| 008 | 150728b xxu||||| |||| 00| 0 spa d | ||
| 041 | _aEspañol | ||
| 082 | _a1.4.17 G748g | ||
| 245 | _aEl gran libro de pastelería | ||
| 260 |
_aEspaña _bLexus _c2006 |
||
| 300 | _a359 páginas | ||
| 650 |
_aRECETAS DE COCINA _91731 |
||
| 650 |
_aPASTELES _938980 |
||
| 650 |
_aUTENSILIOS _95262 |
||
| 650 |
_aRELLENOS _927463 |
||
| 650 |
_aTORTAS _938981 |
||
| 650 |
_aDECORACIÓN _95237 |
||
| 942 | _cBK | ||
| 999 |
_c6706 _d6706 |
||